| 000 | 00442cam a2200181ua 4500 | ||
|---|---|---|---|
| 041 |
_aeng _h |
||
| 082 |
_a624.18341 _bSUS/TR |
||
| 100 | _aSushil, Kumar . | ||
| 245 |
_aTreasure of RCC designs / _cSushil Kumar. _hTextual Documents |
||
| 250 |
_a10 / _b. |
||
| 260 |
_aDelhi : _bStandard Book House , _c1984. |
||
| 300 | _a1078 ; . | ||
| 504 | _a | ||
| 942 | _cBK | ||
| 999 |
_c2453 _d2453 |
||